000
00303nam a22001337a 4500
008
170913b xxu||||| |||| 00| 0 eng d
020
_a
9780471105589
041
_a
eng
080
_2
5 ED
_a
53
100
_a
43
101
_a
FIZ
245
_a
FUNDAMENTALS OF PHYSICS
_c
HALLIDAY.R
942
_2
udc
_c
BK
999
_c
27469
_d
27469